The Madame Bovary blues : the pursuit of illusion in nineteenth-century French fiction /

Bibliographic Details
Main Author: Haig, Stirling
Format: Book
Language:English
Published: Baton Rouge : Louisiana State University Press, [1987]
Subjects:

MARC

Tag First Indicator Second Indicator Subfields
LEADER 00000cam a2200000 a 4500
001 in00000011573
005 20151007051642.0
008 870316s1987 lau b s00110 eng
010 |a  87003186  
020 |a 0807113980 
035 |a (OCoLC)15415793 
035 |9 AAA4113AM 
040 |a DLC  |c DLC  |d TXA  |d UtOrBLW 
043 |a e-fr--- 
049 |a TXAM  |c [A11461282] 
050 0 0 |a PQ653  |b .H35 1987 
082 0 |a 843/.7/09  |2 19 
100 1 |a Haig, Stirling. 
245 1 4 |a The Madame Bovary blues :  |b the pursuit of illusion in nineteenth-century French fiction /  |c Stirling Haig. 
264 1 |a Baton Rouge :  |b Louisiana State University Press,  |c [1987] 
264 4 |c ©1987 
300 |a 171 pages ;  |c 23 cm. 
336 |a text  |b txt  |2 rdacontent 
337 |a unmediated  |b n  |2 rdamedia 
338 |a volume  |b nc  |2 rdacarrier 
504 |a Includes bibliographical references and index. 
650 0 |a French fiction  |y 19th century  |x History and criticism. 
650 0 |a Illusion in literature. 
600 1 0 |a Flaubert, Gustave,  |d 1821-1880.  |t Madame Bovary. 
999 |a MARS 
999 f f |s d5bd2d42-6eaf-3a52-9aa7-9673bcc19327  |i 8a3a84ef-078a-366b-a191-49f457817ed8  |t 0 
952 f f |p ric  |a Texas A&M University  |b Rellis Campus  |c Joint Library Facility  |d Remote Storage  |t 0  |e PQ653 .H35 1987  |h Library of Congress classification  |i unmediated -- volume  |m A14811461282 
998 f f |a PQ653 .H35 1987  |t 0  |l Remote Storage